00290nam a2200121Ia 45000030006000000080041000060400015000471000031000622450037000932600009001305460012001390050017001510STCL150530s9999 xx 000 0 und d aSTCLcSTCL aMary Lamb; Lucas, E.V.; Ed aLetters of Charles and Mary Lamb c1910 aEnglish20220125171139.0